Introducción a los modelos cuantitativos para administración (Registro nro. 497)

Detalles MARC
000 -LEADER
fixed length control field 01610 a2200253 4500
001 - CONTROL NUMBER
control field 12529
005 - DATE AND TIME OF LATEST TRANSACTION
control field 20260407155440.0
008 - FIXED-LENGTH DATA ELEMENTS--GENERAL INFORMATION
fixed length control field 260407a1993 arg spa d
003 - CONTROL NUMBER IDENTIFIER
control field AR-UNSa-BCEJYS
040 ## - CATALOGING SOURCE
Original cataloging agency AR-UNSa-BCEJYS
Language of cataloging spa
Transcribing agency AR-UNSa-BCEJYS
080 ## - UNIVERSAL DECIMAL CLASSIFICATION NUMBER
Universal Decimal Classification number 519.87
Common auxiliary subdivision Modelos matemáticos para la investigación operativa
020 ## - INTERNATIONAL STANDARD BOOK NUMBER
International Standard Book Number 970-625-005-0
100 1# - MAIN ENTRY--PERSONAL NAME
Personal name Anderson, David R.
245 10 - TITLE STATEMENT
Title Introducción a los modelos cuantitativos para administración
264 #1 - PRODUCTION, PUBLICATION, DISTRIBUTION, MANUFACTURE, AND COPYRIGHT NOTICE
Place of production, publication, distribution, manufacture México :
Name of producer, publisher, distributor, manufacturer Grupo Editorial Iberoamérica
Date of production, publication, distribution, manufacture, or copyright notice 1993
300 ## - PHYSICAL DESCRIPTION
Extent xx, 910 p.
Dimensions 24 cm
505 ## - FORMATTED CONTENTS NOTE
Formatted contents note 1. Introducción - 2. Programación lineal: El método gráfico - 3. Programación lineal: Análisis de sensibilidad y solución en computadora - 4. Aplicaciones de la programación lineal - 5. Programación lineal el método simplex - 6. Análisis de sensibilidad basado en el simplex y dualidad - 7. Problemas de transpote, asignación y transborda - 8. Programación lineal en enteros - 9. Modelos de redes - 10. Administración de proyectos PERT/CPM - 11. Modelos de inventarios - 12. Modelos de líneas de espera - 13. Simulación en computadora - 14. Análisis de decisiones - 15. Problemas de decisión de criterios múltiples - 16. Pronósticos - 17. Procesos de Markov - 18. Programación dinámica - 19. Procedimientos de solución basados en cálculo
590 ## - LOCAL NOTE (RLIN)
Local note niveau_biblio:m niveau_hierar:0
700 1# - ADDED ENTRY--PERSONAL NAME
Personal name Sweeney, Dannis J.
700 1# - ADDED ENTRY--PERSONAL NAME
Personal name Díaz Mata, Alfredo
700 1# - ADDED ENTRY--PERSONAL NAME
Personal name Williams, Thomas A.
856 41 - ELECTRONIC LOCATION AND ACCESS
Uniform Resource Identifier <a href="https://www.biblioeco.unsa.edu.ar/pmb/images/libros/12529.jpg">https://www.biblioeco.unsa.edu.ar/pmb/images/libros/12529.jpg</a>
Link text Imagen de portada
Electronic format type image/jpeg
942 ## - ADDED ENTRY ELEMENTS (KOHA)
Koha item type
Existencias
Withdrawn status Lost status Damaged status Not for loan Home library Current library Shelving location Date acquired Total checkouts Full call number Barcode Date last seen Price effective from Koha item type
        Biblioteca Prof. Eusebio Cleto del Rey Biblioteca Prof. Eusebio Cleto del Rey   07/04/2026   519.87 A543i L118909 07/04/2026 07/04/2026 Libro